000 01077cam a2200253 a 4500
001 000002816
005 20200929150250.0
008 971114s1997 cr b 001 0 spa
020 _a9968984604
040 _aDO-SdBNP
_bspa
_cBNPHU
082 _aCr801.953
_bP967i
245 0 0 _aProtestas, interrogantes y agonías en la obra de Rima de Vallbona /
_cJuana Alcira Arancibia, Luis A. Jimémez, editores.
260 _aWestminster, CA :
_bInstituto Literario y Cultural Hispánico ;
_aSan José, Costa Rica :
_bPerro Azul,
_c1997.
300 _a434 p. ;
_c22 cm.
490 1 _aLa mujer en la literatura hispánica ;
_vv. 3
504 _a"Bibliografía de y sobre Rima de Vallbona / Luis A. Jiménez": p. 411-432.
600 1 4 _aROTHE DE VALLBONA, RIMA GRETCHEN
_d1931-
_xCRÍTICA E INTERPRETACIÓN
_98898
650 4 _aMujeres en la literatura
_91388
650 4 _aLiteratura costarrinsense
_98899
700 1 _aArancibia, Juana Alcira
_eed.
_98900
700 1 _aJiménez, Luis A.
_eed.
_98901
830 3 _aLa mujer en la literatura hispánica ;
_vv. 3
_98902
910 _aEn proceso
999 _c2650
_d2650